000 00651nam a2200229 a 4500
001 000019356
005 20200929170007.0
008 100625s1999 sp a 000 f spa d
020 _a8420638501
040 _aDO-SdBNP
_bspa
_cBNPHU
082 _aCu863.4
_bC297paso
100 1 _aCarpentier, Alejo,
_d1904-1980
_98634
245 1 4 _aLos pasos perdidos /
_cAlejo Carpentier.
260 _aMadrid :
_bAlianza,
_c1999.
300 _a284, [3] p. :
_bil. ;
_c18 cm.
490 1 _aBiblioteca Carpentier
650 4 _aNovela cubana
_92316
650 4 _aLiteratura cubana
_91483
830 0 _aBiblioteca Carpentier
_941593
910 _aWM
049 _aBNGR
999 _c18873
_d18873